La constitución dominicana infantil / (Registro nro. 15595)

Detalles MARC
000 -LEADER
fixed length control field 02022nam a2200337 i 4500
003 - CONTROL NUMBER IDENTIFIER
control field DO-SdBPM
005 - DATE AND TIME OF LATEST TRANSACTION
control field 20260114105210.0
007 - PHYSICAL DESCRIPTION FIXED FIELD--GENERAL INFORMATION
fixed length control field ta
008 - FIXED-LENGTH DATA ELEMENTS--GENERAL INFORMATION
fixed length control field 250624b2013 dr a|||| |||| 00| 0 spa d
020 ## - INTERNATIONAL STANDARD BOOK NUMBER
International Standard Book Number 9789945471328
040 ## - CATALOGING SOURCE
Original cataloging agency DO-SdBPM
Language of cataloging spa
Transcribing agency BPMSU
Description conventions rda
082 #4 - DEWEY DECIMAL CLASSIFICATION NUMBER
Classification number 342.7293
Item number V297c 2013
Edition number 22
100 1# - MAIN ENTRY--PERSONAL NAME
Personal name Vargas Corona, Dulce María
Relator term autora
Relator code aut.
245 13 - TITLE STATEMENT
Title La constitución dominicana infantil /
Statement of responsibility, etc. adaptación Dulce María Vargas Corona ; ilustraciones Roberto Carlos Rodríguez
250 ## - EDITION STATEMENT
Edition statement
264 #1 - PRODUCTION, PUBLICATION, DISTRIBUTION, MANUFACTURE, AND COPYRIGHT NOTICE
Place of production, publication, distribution, manufacture Santo Domingo :
Name of producer, publisher, distributor, manufacturer Cámara de Diputados de la República Dominicana,
Date of production, publication, distribution, manufacture, or copyright notice 2013
Name of producer, publisher, distributor, manufacturer
300 ## - PHYSICAL DESCRIPTION
Extent 149 páginas :
Other physical details ilustraciones ;
Dimensions 26 cm.
336 ## - CONTENT TYPE
Content type term texto
Content type code txt
Source rdacontent
337 ## - MEDIA TYPE
Media type term sin mediación
Media type code n
Source rdamedia
338 ## - CARRIER TYPE
Carrier type term volumen
Carrier type code nc
Source rdacarrier
505 0# - FORMATTED CONTENTS NOTE
Formatted contents note Presentación | Introducción | Preámbulo | Título I. De la Nación, del Estado, de su gobierno y de sus principios fundamentales | Título II. Derechos, garantías y deberes fundamentales | Título III. El Poder Legislativo | Título IV. El Poder Ejecutivo | Título V. El Poder Judicial | Título VI. El Consejo Nacional de la Magistratura | Título VII. El control constitucional | Título VIII. El defensor del pueblo | Título IX. El ordenamiento territorial | Título X. El sistema electoral | Título XI. Régimen económico y financiero y de l Cámara de Cuentas | Título XII. La seguridad y la defensa | Título XIII. Los estados de excepción | Título XIV. Las reformas constitucionales | Título XV. Disposiciones generales y transitorias
590 ## - LOCAL NOTE (RLIN)
Local note Inventariado, 2026/VM
650 #7 - SUBJECT ADDED ENTRY--TOPICAL TERM
Topical term or geographic name as entry element Reformas constitucionales
Geographic subdivision República Dominicana
General subdivision Literatura infantil.
650 #7 - SUBJECT ADDED ENTRY--TOPICAL TERM
Topical term or geographic name as entry element Educación cívica
Geographic subdivision República Dominicana
650 z# - SUBJECT ADDED ENTRY--TOPICAL TERM
Topical term or geographic name as entry element
651 #7 - SUBJECT ADDED ENTRY--GEOGRAPHIC NAME
Geographic name República Dominicana
General subdivision Constitución
-- Literatura infantil
700 1# - ADDED ENTRY--PERSONAL NAME
Personal name Rodríguez, Roberto Carlos
Relator term ilustraciones
710 1# - ADDED ENTRY--CORPORATE NAME
Corporate name or jurisdiction name as entry element República Dominicana.
Subordinate unit Cámara de Diputados.
910 ## - USER-OPTION DATA (OCLC)
User-option data VMateo V. Control de calidad. BPMSU
942 ## - ADDED ENTRY ELEMENTS (KOHA)
Source of classification or shelving scheme Dewey Decimal Classification
Koha item type Libros
Existencias
Withdrawn status Lost status Source of classification or shelving scheme Damaged status Not for loan Collection code Home library Current library Date acquired Total Checkouts Full call number Barcode Date last seen Price effective from Koha item type
    Dewey Decimal Classification     Colección Infantil Dominicana Biblioteca Pública Metropolitana Salomé Ureña Biblioteca Pública Metropolitana Salomé Ureña 01/13/2026   BPMSU CDI 342.7293 V297c 2013 BPMSU26010004 01/13/2026 01/13/2026 Libros